01088cam a22002651 4500001001300000003000400013005001700017008004100034010001700075035002000092040001800112042001200130050001600142100005300158245014500211260004600356300004200402500001600444500001900460500002200479500019000501651005500691710005900746999001700805d 01000211 DLC20260227111148.0860129s1642 ne 000 0 dut  ad 01000211  a(OCoLC)23642798 aDLCcMiUdDLC apremarc00aDH186b.H771 aHooft, P. C.q(Pieter Corneliszoon),d1581-1647.00aP. C. Hoofts Neederlandsche histoorien,bsedert de ooverdraght der heerschappye van kaizar Karel den Vyfden,cop kooning Philips zynen zoon. aTot Amsterdam,bBy Louys Elzevier,c1642. a21 p. l., 899 (i.e. 910) p. ;c33 cm. aEngr. t.-p. aFirst edition. aPaging irregular. a"Facsimile van eenen eigenhandigne brief van den drossaard Pieter Corneliszoon Hooft aan den Amsterdamschen hoogleeraar Caspar van Baerle van den 13 September 1646" mounted on fly-leaf. 0aNetherlandsxHistoryyEighty Years' War, 1568-16482 aPre-1801 Imprint Collection (Library of Congress)5DLC c18606d18606